Bharatbarshat rajahuwa niti/ (Record no. 11439)

MARC details
000 -LEADER
fixed length control field 00593nam a22002177a 4500
005 - DATE AND TIME OF LATEST TRANSACTION
control field 20260515114935.0
008 - FIXED-LENGTH DATA ELEMENTS--GENERAL INFORMATION
fixed length control field 230118b ||||| |||| 00| 0 eng d
020 ## - INTERNATIONAL STANDARD BOOK NUMBER
International Standard Book Number 9789391527372
040 ## - CATALOGING SOURCE
Original cataloging agency IN-DiNC
Transcribing agency IN-DiNC
041 ## - LANGUAGE CODE
Language code of sung or spoken text asm
082 ## - DEWEY DECIMAL CLASSIFICATION NUMBER
Classification number 320.6
Item number BHA
245 ## - TITLE STATEMENT
Title Bharatbarshat rajahuwa niti/
Statement of responsibility, etc. Nabin Gohain and others
250 ## - EDITION STATEMENT
Edition statement 1st ed.
260 ## - PUBLICATION, DISTRIBUTION, ETC.
Place of publication, distribution, etc. Jorhat:
Name of publisher, distributor, etc. Bidya bhawan,
Date of publication, distribution, etc. 2022.
300 ## - PHYSICAL DESCRIPTION
Extent 366p.
650 ## - SUBJECT ADDED ENTRY--TOPICAL TERM
Topical term or geographic name entry element Public policy in India
700 ## - ADDED ENTRY--PERSONAL NAME
Personal name Bora, Pankaj
Relator term author
700 ## - ADDED ENTRY--PERSONAL NAME
Personal name Saikia, Kshirod
Relator term author
700 ## - ADDED ENTRY--PERSONAL NAME
Personal name Sharma, Dipak Kumar
Relator term author
942 ## - ADDED ENTRY ELEMENTS (KOHA)
Source of classification or shelving scheme Dewey Decimal Classification
Koha item type Books
Holdings
Withdrawn status Lost status Source of classification or shelving scheme Damaged status Not for loan Collection Home library Current library Shelving location Date acquired Cost, normal purchase price Total checkouts Full call number Barcode Date last seen Date last checked out Copy number Price effective from Koha item type
    Dewey Decimal Classification       Naharkatiya College Library Naharkatiya College Library General stacks 01/18/2023 320.00 18 320.6 BHA 29200 12/24/2025 12/06/2025 1 01/18/2023 Books
    Dewey Decimal Classification       Naharkatiya College Library Naharkatiya College Library General stacks 01/18/2023 320.00 16 320.6 BHA 29201 05/29/2025 04/10/2025 2 01/18/2023 Books
    Dewey Decimal Classification       Naharkatiya College Library Naharkatiya College Library General stacks 01/18/2023 320.00 10 320.6 BHA 29202 02/19/2024 01/29/2024 3 01/18/2023 Books